Establishment of kj purified water refilling station in sitio San Lorenzo barangay Hulo, Pililla , Rizal / (Record no. 8798)
[ view plain ]
| 000 -LEADER | |
|---|---|
| fixed length control field | 00854nam a22002177i 4500 |
| 003 - CONTROL NUMBER IDENTIFIER | |
| control field | URS |
| 005 - DATE AND TIME OF LATEST TRANSACTION | |
| control field | 20220114153524.0 |
| 008 - FIXED-LENGTH DATA ELEMENTS--GENERAL INFORMATION | |
| fixed length control field | 190131b ||||| |||| 00| 0 eng d |
| 040 ## - CATALOGING SOURCE | |
| Language of cataloging | eng |
| Description conventions | rda |
| Transcribing agency | URS Pililla Library |
| 082 ## - DEWEY DECIMAL CLASSIFICATION NUMBER | |
| Item number | FS BSBA MM75 2016 |
| 100 1# - MAIN ENTRY--PERSONAL NAME | |
| Personal name | Azuelo, Myla C. |
| Relator term | researcher |
| 245 10 - TITLE STATEMENT | |
| Title | Establishment of kj purified water refilling station in sitio San Lorenzo barangay Hulo, Pililla , Rizal / |
| Statement of responsibility, etc. | Myla C. Azuelo, Rose An C. Alma |
| 300 ## - PHYSICAL DESCRIPTION | |
| Extent | xvii, 83 leaves; |
| Dimensions | 28 cm. |
| 336 ## - CONTENT TYPE | |
| Content type term | text |
| Content type code | txt |
| Source | rdacontent |
| 337 ## - MEDIA TYPE | |
| Media type term | unmediated |
| Media type code | n |
| Source | rdamedia |
| 338 ## - CARRIER TYPE | |
| Carrier type term | volume |
| Carrier type code | nc |
| Source | rdacarrier |
| 502 ## - DISSERTATION NOTE | |
| Dissertation note | Undergraduate Feasibility Study |
| Degree type | Bachelor of Science in Business Administration Major in Marketing Management |
| Name of granting institution | University of Rizal System |
| 700 1# - ADDED ENTRY--PERSONAL NAME | |
| Personal name | Alma, Rose An C. |
| Relator term | researcher |
| 700 1# - ADDED ENTRY--PERSONAL NAME | |
| Personal name | Olano, Monina G |
| Relator term | adviser |
| 942 ## - ADDED ENTRY ELEMENTS (KOHA) | |
| Source of classification or shelving scheme | Dewey Decimal Classification |
| Koha item type | Theses and dissertations |
| Withdrawn status | Source of classification or shelving scheme | Damaged status | Not for loan | Home library | Current library | Shelving location | Date acquired | Total Checkouts | Full call number | Barcode | Date last seen | Price effective from | Koha item type |
|---|---|---|---|---|---|---|---|---|---|---|---|---|---|
| Dewey Decimal Classification | Not For Loan | Pililla College Library | Pililla College Library | General Stacks | 01/31/2019 | FS BSBA MM1 2016 | FS BSBA MM1 2016 | 01/31/2019 | 01/31/2019 | Theses and dissertations |